| 000 | 00708nam a2200217 i 4500 | ||
|---|---|---|---|
| 001 | 105922 | ||
| 003 | ES-MaACL | ||
| 007 | t| | ||
| 008 | 060913s1972 fr ||||1| fre d | ||
| 080 | _a32(47+57) | ||
| 245 | 0 | 3 |
_aLa direction collégiale en Union Soviétique / _cGeorges Dupuis... [et al.]. |
| 260 |
_aParis : _bArmand Colin, _c[1972] |
||
| 300 |
_a128 p. ; _c17 cm. |
||
| 490 | 1 |
_aCollection U2 ; _v215. _aDroit public interne |
|
| 500 | _aBiblioteca Juan Andrade. | ||
| 651 | 4 |
_aURSS- _xPolítica y gobierno. _99481 |
|
| 700 | 1 |
_aDupuis, Georges. _946128 |
|
| 830 | 0 |
_aCollection U2 ; _v215. _aDroit public interne _9232786 |
|
| 852 |
_aES-MaACL _jAND-945 _bR.110233 |
||
| 999 |
_c105922 _d105922 |
||